MARC details
| 000 -LEADER |
| fixed length control field |
02126cam a22004098i 4500 |
| 001 - CONTROL NUMBER |
| control field |
22973782 |
| 003 - CONTROL NUMBER IDENTIFIER |
| control field |
CSPC |
| 005 - DATE AND TIME OF LATEST TRANSACTION |
| control field |
20250806134037.0 |
| 008 - FIXED-LENGTH DATA ELEMENTS--GENERAL INFORMATION |
| fixed length control field |
230215s2023 nju b 001 0 eng |
| 010 ## - LIBRARY OF CONGRESS CONTROL NUMBER |
| LC control number |
2023007033 |
| 020 ## - INTERNATIONAL STANDARD BOOK NUMBER |
| International Standard Book Number |
9781119853374 |
| Qualifying information |
(paperback) |
| 035 ## - SYSTEM CONTROL NUMBER |
| System control number |
22973782 |
| 040 ## - CATALOGING SOURCE |
| Original cataloging agency |
DLC |
| Language of cataloging |
eng |
| Description conventions |
rda |
| Transcribing agency |
DLC |
| Modifying agency |
CSPC |
| 042 ## - AUTHENTICATION CODE |
| Authentication code |
pcc |
| 050 00 - LIBRARY OF CONGRESS CALL NUMBER |
| Classification number |
NA2760 |
| Item number |
.C46 2023 |
| 082 00 - DEWEY DECIMAL CLASSIFICATION NUMBER |
| Classification number |
720 |
| Item number |
C441a |
| Edition number |
23/eng/20230222 |
| 100 1# - MAIN ENTRY--PERSONAL NAME |
| Personal name |
Ching, Francis D. K., |
| Dates associated with a name |
1943- |
| Relator term |
author. |
| 245 10 - TITLE STATEMENT |
| Title |
Architecture : |
| Remainder of title |
form, space, & order / |
| Statement of responsibility, etc. |
Francis D.K. Ching. |
| 246 04 - VARYING FORM OF TITLE |
| Title proper/short title |
Architecture : |
| Remainder of title |
form, space, and order. |
| 250 ## - EDITION STATEMENT |
| Edition statement |
Fifth edition. |
| 263 ## - PROJECTED PUBLICATION DATE |
| Projected publication date |
2305 |
| 264 #1 - PRODUCTION, PUBLICATION, DISTRIBUTION, MANUFACTURE, AND COPYRIGHT NOTICE |
| Place of production, publication, distribution, manufacture |
Hoboken, New Jersey : |
| Name of producer, publisher, distributor, manufacturer |
John Wiley & Sons, Inc., |
| Date of production, publication, distribution, manufacture, or copyright notice |
2023. |
| 300 ## - PHYSICAL DESCRIPTION |
| Extent |
xiii, 481 pages : |
| Other physical details |
illustrations ; |
| Dimensions |
28 cm. |
| 336 ## - CONTENT TYPE |
| Content type term |
text |
| Content type code |
txt |
| Source |
rdacontent |
| 337 ## - MEDIA TYPE |
| Media type term |
unmediated |
| Media type code |
n |
| Source |
rdamedia |
| 338 ## - CARRIER TYPE |
| Carrier type term |
volume |
| Carrier type code |
nc |
| Source |
rdacarrier |
| 504 ## - BIBLIOGRAPHY, ETC. NOTE |
| Bibliography, etc. note |
Includes bibliographical references and index. |
| 505 0# - FORMATTED CONTENTS NOTE |
| Formatted contents note |
Primary elements --Form -- Form & space -- Organization -- Circulation -- Proportion & scale -- Principles. |
| 520 ## - SUMMARY, ETC. |
| Summary, etc. |
"For more than forty years, the beautifully illustrated Architecture: Form, Space, and Order has served as the classic introduction to the basic vocabulary of architectural design. The updated and revised Fifth Edition features the fundamental elements of space and form, illustrated with many new precedents and discussions of the latest technology trends. It is designed to encourage critical thought in order to promote a more evocative understanding of architecture"-- |
| Assigning source |
Provided by publisher. |
| 650 #0 - SUBJECT ADDED ENTRY--TOPICAL TERM |
| Topical term or geographic name entry element |
Architecture |
| General subdivision |
Composition, proportion, etc. |
| 650 #0 - SUBJECT ADDED ENTRY--TOPICAL TERM |
| Topical term or geographic name entry element |
Space (Architecture). |
| 776 08 - ADDITIONAL PHYSICAL FORM ENTRY |
| Relationship information |
Online version: |
| Main entry heading |
Ching, Francis D. K., 1943- |
| Title |
Architecture. |
| Edition |
Fifth edition |
| Place, publisher, and date of publication |
Hoboken, New Jersey : Wiley, [2023] |
| International Standard Book Number |
9781119853398 |
| Record control number |
(DLC) 2023007034 |
| 906 ## - LOCAL DATA ELEMENT F, LDF (RLIN) |
| a |
7 |
| b |
cbc |
| c |
orignew |
| d |
1 |
| e |
ecip |
| f |
20 |
| g |
y-gencatlg |
| 942 ## - ADDED ENTRY ELEMENTS (KOHA) |
| Source of classification or shelving scheme |
Dewey Decimal Classification |
| Koha item type |
Books |
| Edition |
23 |
| Classification part |
720 |
| Item part |
C441a |
| Call number prefix |
ENG |
| Call number suffix |
2023 |
| Suppress in OPAC |
No |